=LDR 00000nam 2200000 4500 =001 INLIS000000000039579 =005 20130612145209 =008 ***********************************Ind** =035 ##$$a0010-061300000039579 =041 ##$$a Ind =082 ##$$a 915.98 =090 ##$$a 915.98, Ang s =100 ##$$a Anggraini, Maria Rosa =245 ##$$a 100 Kebanggaan Indonesia, Maria Rosa Anggraini S.S ; Editor DM.R.Suyoto Bakir, 2012 =300 ##$$a 56 Hlm, 20 Cm =650 ##$$a Indonesia =700 ##$$a Anggraeni, Maria Rosa =850 ##$$a NBPNMAT =990 ##$$a 21195105/BPAP-NTB/2014 =990 ##$$a 21195488/BPAP-NTB/2014 =990 ##$$a 0001/BPAP-NTB/20142014